[Event "DVM U14 2023"]
[Site "Magdeburg GER"]
[Date "2023.12.30"]
[Round "7"]
[White "Büchel, David"]
[Black "Steinberger, Michael"]
[Result "0-1"]
[Termination "normal"]
[Board "4.4"]
[WhiteElo "1572"]
[BlackElo "1629"]
[WhiteClock "00:45:00"]
[BlackClock "01:15:34"]
[WhiteTeam "SF München"]
[BlackTeam "SF Augsburg"]
[PlyCount "92"]
[WhiteFideId "34603689"]
[BlackFideId "34622373"]
[EventCountry "GER"]
[EventRounds "7"]
[EventType "team-swiss"]
[EventDate "2023.12.26"]

1. e4 {[%clk 01:30:58]} c5 {[%clk 01:30:50]} {[%emt 00:00:11]} 2. Nf3 {[%clk
01:31:23]} {[%emt 00:00:04]} e6 {[%clk 01:31:04]} {[%emt 00:00:16]} 3. d4
{[%clk 01:31:49]} {[%emt 00:00:03]} cxd4 {[%clk 01:31:29]} {[%emt 00:00:06]} 4.
Nxd4 {[%clk 01:32:14]} {[%emt 00:00:05]} Nf6 {[%clk 01:31:51]} {[%emt
00:00:07]} 5. Nc3 {[%clk 01:32:40]} {[%emt 00:00:04]} Nc6 {[%clk 01:32:15]}
{[%emt 00:00:06]} 6. Nxc6 {[%clk 01:32:47]} {[%emt 00:00:23]} bxc6 {[%clk
01:32:40]} {[%emt 00:00:05]} 7. e5 {[%clk 01:32:52]} {[%emt 00:00:25]} Nd5
{[%clk 01:33:03]} {[%emt 00:00:07]} 8. Ne4 {[%clk 01:33:07]} {[%emt 00:00:14]}
Bb7 {[%clk 01:32:43]} {[%emt 00:00:50]} 9. c4 {[%clk 01:25:32]} {[%emt
00:08:05]} Nb4 {[%clk 01:32:34]} {[%emt 00:00:39]} 10. c5 {[%clk 01:09:52]}
{[%emt 00:16:10]} Qb8 {[%clk 01:31:42]} {[%emt 00:01:22]} 11. f4 {[%clk
01:03:03]} {[%emt 00:07:19]} Ba6 {[%clk 01:27:28]} {[%emt 00:04:44]} 12. Be3
{[%clk 00:49:00]} {[%emt 00:14:33]} Bxf1 {[%clk 01:23:01]} {[%emt 00:04:57]}
13. Rxf1 {[%clk 00:45:00]} {[%emt 00:04:29]} Qb5 {[%clk 01:15:34]} {[%emt
00:07:57]} 14. Qe2 Rb8 {[%clk 01:15:34]} 15. Qxb5 Rxb5 {[%clk 01:15:34]} 16.
Kd2 Nd5 {[%clk 01:15:34]} 17. Bd4 Be7 {[%clk 01:15:34]} 18. Rf3 O-O {[%clk
01:15:34]} 19. b3 f5 {[%clk 01:15:34]} 20. Nd6 Bxd6 {[%clk 01:15:34]} 21. exd6
Nf6 {[%clk 01:15:34]} 22. Rc1 Kf7 {[%clk 01:15:34]} 23. Rh3 h6 {[%clk
01:15:34]} 24. Ke2 a5 {[%clk 01:15:34]} 25. Rg3 Ra8 {[%clk 01:15:34]} 26. Rb1
Rb4 {[%clk 01:15:34]} 27. Kd3 a4 {[%clk 01:15:34]} 28. Bxf6 Kxf6 {[%clk
01:15:34]} 29. Rf3 Rab8 {[%clk 01:15:34]} 30. Kc3 R8b5 {[%clk 01:15:34]} 31. g3
Re4 {[%clk 01:15:34]} 32. b4 Re2 {[%clk 01:15:34]} 33. Rb2 Rxb2 {[%clk
01:15:34]} 34. Kxb2 Rxb4+ {[%clk 01:15:34]} 35. Kc3 Re4 {[%clk 01:15:34]} 36.
Rf2 e5 {[%clk 01:15:34]} 37. fxe5+ Kxe5 {[%clk 01:15:34]} 38. a3 g5 {[%clk
01:15:34]} 39. Rg2 Kd5 {[%clk 01:15:34]} 40. Rf2 f4 {[%clk 01:15:34]} 41. gxf4
Rxf4 {[%clk 01:15:34]} 42. Re2 Kxc5 {[%clk 01:15:34]} 43. Re7 Rf3+ {[%clk
01:15:34]} 44. Kd2 Kxd6 {[%clk 01:15:34]} 45. Rh7 Rf2+ {[%clk 01:15:34]} 46.
Kd1 Rxh2 {[%clk 01:15:34]} 0-1

[Event "DVM U14 2023"]
[Site "Magdeburg GER"]
[Date "2023.12.30"]
[Round "7"]
[White "Polzin, Gustav"]
[Black "Ruddat, Jarne"]
[Result "1/2-1/2"]
[Termination "normal"]
[Board "5.1"]
[WhiteElo "1895"]
[BlackElo "1821"]
[WhiteClock "01:22:54"]
[BlackClock "00:44:19"]
[WhiteTeam "USV Halle"]
[BlackTeam "TSG Oberschöneweide"]
[PlyCount "89"]
[WhiteFideId "34603280"]
[BlackFideId "16254236"]
[EventCountry "GER"]
[EventRounds "7"]
[EventType "team-swiss"]
[EventDate "2023.12.26"]

1. e4 {[%clk 01:30:57]} {[%emt 00:00:03]} c5 {[%clk 01:30:49]} {[%emt
00:00:11]} 2. Nf3 {[%clk 01:31:12]} {[%emt 00:00:16]} Nc6 {[%clk 01:31:11]}
{[%emt 00:00:08]} 3. d4 {[%clk 01:31:26]} {[%emt 00:00:16]} cxd4 {[%clk
01:31:35]} {[%emt 00:00:06]} 4. Nxd4 {[%clk 01:31:44]} {[%emt 00:00:12]} g6
{[%clk 01:31:58]} {[%emt 00:00:06]} 5. Nc3 {[%clk 01:32:03]} {[%emt 00:00:12]}
Bg7 {[%clk 01:32:23]} {[%emt 00:00:05]} 6. Be3 {[%clk 01:32:31]} {[%emt
00:00:03]} Nf6 {[%clk 01:32:46]} {[%emt 00:00:06]} 7. Bc4 {[%clk 01:32:32]}
{[%emt 00:00:29]} O-O {[%clk 01:33:10]} {[%emt 00:00:05]} 8. Bb3 {[%clk
01:32:47]} {[%emt 00:00:15]} d6 {[%clk 01:33:30]} {[%emt 00:00:10]} 9. f3
{[%clk 01:33:12]} {[%emt 00:00:05]} Bd7 {[%clk 01:33:55]} {[%emt 00:00:05]} 10.
Qd2 {[%clk 01:33:36]} {[%emt 00:00:07]} Nxd4 {[%clk 01:34:13]} {[%emt
00:00:12]} 11. Bxd4 {[%clk 01:33:54]} {[%emt 00:00:12]} b5 {[%clk 01:34:38]}
{[%emt 00:00:05]} 12. Nd5 {[%clk 01:34:15]} {[%emt 00:00:09]} Nxd5 {[%clk
01:19:11]} {[%emt 00:15:57]} 13. Bxg7 {[%clk 01:34:43]} {[%emt 00:00:02]} Kxg7
{[%clk 01:18:53]} {[%emt 00:00:48]} 14. exd5 {[%clk 01:35:11]} {[%emt
00:00:02]} a5 {[%clk 01:03:34]} {[%emt 00:15:48]} 15. a3 {[%clk 01:35:27]}
{[%emt 00:00:15]} Qb6 {[%clk 00:55:18]} {[%emt 00:08:41]} 16. g4 {[%clk
01:26:52]} {[%emt 00:09:10]} a4 {[%clk 00:45:20]} {[%emt 00:10:28]} 17. Ba2
{[%clk 01:26:41]} {[%emt 00:00:41]} Rac8 {[%clk 00:44:19]} {[%emt 00:01:31]}
18. O-O-O {[%clk 01:22:54]} {[%emt 00:04:17]} f6 19. h4 {[%clk 01:22:54]} h6
20. h5 {[%clk 01:22:54]} g5 21. Rhe1 {[%clk 01:22:54]} Rf7 22. Re4 {[%clk
01:22:54]} f5 23. Rd4 {[%clk 01:22:54]} fxg4 24. fxg4 {[%clk 01:22:54]} Rcf8
25. Qd3 {[%clk 01:22:54]} Rf6 26. c3 {[%clk 01:22:54]} R8f7 27. Re1 {[%clk
01:22:54]} Kf8 28. Bb1 {[%clk 01:22:54]} Be8 29. Qd1 {[%clk 01:22:54]} Rf4 30.
Rxf4 {[%clk 01:22:54]} gxf4 31. Qf3 {[%clk 01:22:54]} Bd7 32. Bg6 {[%clk
01:22:54]} Rf6 33. Qe4 {[%clk 01:22:54]} Qd8 34. Kb1 {[%clk 01:22:54]} e6 35.
dxe6 {[%clk 01:22:54]} Bxe6 36. Qd4 {[%clk 01:22:54]} Qe7 37. Kc1 {[%clk
01:22:54]} Kg8 38. Bf5 {[%clk 01:22:54]} Qf7 39. Qxf4 {[%clk 01:22:54]} Bxf5
40. gxf5 {[%clk 01:22:54]} Qxh5 41. Rg1+ {[%clk 01:22:54]} Kf7 42. Qe4 {[%clk
01:22:54]} Qxf5 43. Qb7+ {[%clk 01:22:54]} Kf8 44. Qb8+ {[%clk 01:22:54]} Kf7
45. Qb7+ {[%clk 01:22:54]} 1/2-1/2

[Event "DVM U14 2023"]
[Site "Magdeburg GER"]
[Date "2023.12.30"]
[Round "7"]
[White "Smith, Tobias"]
[Black "Patzschke, Carlo"]
[Result "1/2-1/2"]
[Termination "normal"]
[Board "5.2"]
[WhiteElo "1655"]
[BlackElo "1636"]
[WhiteClock "01:05:54"]
[BlackClock "00:54:38"]
[WhiteTeam "TSG Oberschöneweide"]
[BlackTeam "USV Halle"]
[PlyCount "58"]
[WhiteFideId "16254228"]
[BlackFideId "34617973"]
[EventCountry "GER"]
[EventRounds "7"]
[EventType "team-swiss"]
[EventDate "2023.12.26"]

1. d4 {[%clk 01:30:59]} Nf6 {[%clk 01:30:54]} {[%emt 00:00:07]} 2. c4 {[%clk
01:31:26]} {[%emt 00:00:03]} c5 {[%clk 01:31:18]} {[%emt 00:00:06]} 3. d5
{[%clk 01:31:49]} {[%emt 00:00:06]} e6 {[%clk 01:31:43]} {[%emt 00:00:05]} 4.
Nc3 {[%clk 01:31:58]} {[%emt 00:00:21]} exd5 {[%clk 01:32:06]} {[%emt
00:00:08]} 5. cxd5 {[%clk 01:31:57]} {[%emt 00:00:31]} d6 {[%clk 01:32:29]}
{[%emt 00:00:06]} 6. Bf4 {[%clk 01:28:35]} {[%emt 00:03:52]} a6 {[%clk
01:31:27]} {[%emt 00:01:33]} 7. a4 {[%clk 01:28:54]} {[%emt 00:00:11]} g6
{[%clk 01:31:42]} {[%emt 00:00:15]} 8. e3 {[%clk 01:24:52]} {[%emt 00:04:31]}
Nh5 {[%clk 01:29:07]} {[%emt 00:03:05]} 9. Bg3 {[%clk 01:23:02]} {[%emt
00:02:20]} Bg7 {[%clk 01:24:24]} {[%emt 00:05:12]} 10. Nf3 {[%clk 01:19:52]}
{[%emt 00:03:41]} Nxg3 {[%clk 01:23:58]} {[%emt 00:00:56]} 11. hxg3 {[%clk
01:20:20]} {[%emt 00:00:01]} O-O {[%clk 01:21:48]} {[%emt 00:02:41]} 12. Bd3
{[%clk 01:17:01]} {[%emt 00:03:48]} Bg4 {[%clk 01:18:45]} {[%emt 00:03:33]} 13.
O-O {[%clk 01:10:28]} {[%emt 00:07:03]} Qb6 {[%clk 01:06:42]} {[%emt 00:12:34]}
14. Qc2 {[%clk 01:09:08]} {[%emt 00:01:50]} Bxf3 {[%clk 01:02:02]} {[%emt
00:05:10]} 15. gxf3 {[%clk 01:09:29]} {[%emt 00:00:09]} Nd7 {[%clk 01:02:07]}
{[%emt 00:00:25]} 16. f4 {[%clk 01:05:54]} {[%emt 00:04:04]} Rfc8 {[%clk
00:54:38]} {[%emt 00:08:00]} 17. a5 Qc7 {[%clk 00:54:38]} 18. Bc4 Rcb8 {[%clk
00:54:38]} 19. Ra3 b6 {[%clk 00:54:38]} 20. axb6 Qxb6 {[%clk 00:54:38]} 21. Rb3
Qa5 {[%clk 00:54:38]} 22. Ne4 Rxb3 {[%clk 00:54:38]} 23. Bxb3 Qb6 {[%clk
00:54:38]} 24. Ba4 Nf6 {[%clk 00:54:38]} 25. Bc6 Rd8 {[%clk 00:54:38]} 26. Nc3
Rb8 {[%clk 00:54:38]} 27. Rb1 Qb4 {[%clk 00:54:38]} 28. Qa4 Qxa4 {[%clk
00:54:38]} 29. Bxa4 Ne8 {[%clk 00:54:38]} 1/2-1/2

[Event "DVM U14 2023"]
[Site "Magdeburg GER"]
[Date "2023.12.30"]
[Round "7"]
[White "Haase, Alexander"]
[Black "Ollhoff, Hannes"]
[Result "1-0"]
[Termination "normal"]
[Board "5.3"]
[WhiteElo "1476"]
[BlackElo "1494"]
[WhiteClock "01:01:59"]
[BlackClock "01:01:07"]
[WhiteTeam "USV Halle"]
[BlackTeam "TSG Oberschöneweide"]
[PlyCount "53"]
[WhiteFideId "34606602"]
[BlackFideId "16266927"]
[EventCountry "GER"]
[EventRounds "7"]
[EventType "team-swiss"]
[EventDate "2023.12.26"]

1. e4 {[%clk 01:30:56]} {[%emt 00:00:03]} e6 {[%clk 01:30:54]} {[%emt
00:00:06]} 2. Qe2 {[%clk 01:30:53]} {[%emt 00:00:31]} c5 {[%clk 01:30:46]}
{[%emt 00:00:40]} 3. Nf3 {[%clk 01:30:53]} {[%emt 00:00:30]} a6 {[%clk
01:26:11]} {[%emt 00:05:04]} 4. b3 {[%clk 01:28:15]} {[%emt 00:03:09]} d6
{[%clk 01:24:22]} {[%emt 00:02:19]} 5. Bb2 {[%clk 01:24:43]} {[%emt 00:04:02]}
Qc7 {[%clk 01:21:42]} {[%emt 00:03:09]} 6. g3 {[%clk 01:23:15]} {[%emt
00:01:58]} b6 {[%clk 01:18:18]} {[%emt 00:03:54]} 7. Bg2 {[%clk 01:20:39]}
{[%emt 00:03:06]} Bb7 {[%clk 01:18:28]} {[%emt 00:00:20]} 8. d4 {[%clk
01:17:09]} {[%emt 00:04:00]} cxd4 {[%clk 01:17:57]} {[%emt 00:01:01]} 9. Nxd4
{[%clk 01:12:16]} {[%emt 00:05:23]} Nd7 {[%clk 01:15:11]} {[%emt 00:03:16]} 10.
c4 {[%clk 01:08:59]} {[%emt 00:03:46]} Ngf6 {[%clk 01:13:34]} {[%emt 00:02:07]}
11. Nc3 {[%clk 01:06:50]} {[%emt 00:02:39]} Be7 {[%clk 01:12:32]} {[%emt
00:01:32]} 12. O-O-O {[%clk 01:05:15]} {[%emt 00:02:05]} O-O {[%clk 01:10:22]}
{[%emt 00:02:39]} 13. f4 {[%clk 01:05:13]} {[%emt 00:00:33]} Rfe8 {[%clk
01:06:32]} {[%emt 00:04:20]} 14. Kb1 {[%clk 01:02:43]} {[%emt 00:03:00]} Rad8
{[%clk 01:01:07]} {[%emt 00:05:55]} 15. g4 {[%clk 01:01:59]} {[%emt 00:01:15]}
e5 16. Nf5 {[%clk 01:01:59]} g6 17. Nxe7+ {[%clk 01:01:59]} Rxe7 18. f5 {[%clk
01:01:59]} Qc6 19. Bf3 {[%clk 01:01:59]} Nc5 20. g5 {[%clk 01:01:59]} Ne8 21.
Nd5 {[%clk 01:01:59]} Red7 22. fxg6 {[%clk 01:01:59]} hxg6 23. Bg4 {[%clk
01:01:59]} Ne6 24. h4 {[%clk 01:01:59]} Kg7 25. h5 {[%clk 01:01:59]} gxh5 26.
Bxe6 {[%clk 01:01:59]} fxe6 27. Qxh5 {[%clk 01:01:59]} 1-0

[Event "DVM U14 2023"]
[Site "Magdeburg GER"]
[Date "2023.12.30"]
[Round "7"]
[White "Stettner, Oskar"]
[Black "Neuber, Felix"]
[Result "0-1"]
[Termination "normal"]
[Board "5.4"]
[WhiteElo "1393"]
[BlackElo "1417"]
[WhiteClock "01:05:28"]
[BlackClock "00:57:11"]
[WhiteTeam "TSG Oberschöneweide"]
[BlackTeam "USV Halle"]
[PlyCount "33"]
[WhiteFideId "34617035"]
[BlackFideId "34617981"]
[EventCountry "GER"]
[EventRounds "7"]
[EventType "team-swiss"]
[EventDate "2023.12.26"]

1. e4 {[%clk 01:30:30]} e6 {[%clk 01:30:30]} 2. d4 {[%clk 01:31:21]} {[%emt
12:33:33]} d5 {[%clk 01:30:49]} {[%emt 00:00:06]} 3. e5 {[%clk 01:31:39]}
{[%emt 00:00:11]} c5 {[%clk 01:31:08]} {[%emt 00:00:12]} 4. c3 {[%clk
01:32:07]} {[%emt 00:00:02]} Nc6 {[%clk 01:31:30]} {[%emt 00:00:07]} 5. Nf3
{[%clk 01:32:34]} {[%emt 00:00:02]} Qb6 {[%clk 01:31:15]} {[%emt 00:00:46]} 6.
a3 {[%clk 01:31:00]} {[%emt 00:02:04]} Bd7 {[%clk 01:27:56]} {[%emt 00:03:48]}
7. b4 {[%clk 01:31:02]} {[%emt 00:00:29]} cxd4 {[%clk 01:28:04]} {[%emt
00:00:23]} 8. cxd4 {[%clk 01:31:29]} {[%emt 00:00:02]} Rc8 {[%clk 01:28:11]}
{[%emt 00:00:22]} 9. Be2 {[%clk 01:29:02]} {[%emt 00:02:57]} Nge7 {[%clk
01:12:36]} {[%emt 00:16:05]} 10. O-O {[%clk 01:25:20]} {[%emt 00:04:12]} Nf5
{[%clk 01:11:22]} {[%emt 00:01:44]} 11. Bb2 {[%clk 01:24:29]} {[%emt 00:01:20]}
Be7 {[%clk 01:08:44]} {[%emt 00:03:08]} 12. Qd2 {[%clk 01:16:23]} {[%emt
00:08:37]} O-O {[%clk 01:04:55]} {[%emt 00:04:19]} 13. Bd3 {[%clk 01:10:22]}
{[%emt 00:06:30]} a6 {[%clk 01:01:19]} {[%emt 00:04:07]} 14. Bxf5 {[%clk
01:08:12]} {[%emt 00:02:40]} exf5 {[%clk 01:01:38]} {[%emt 00:00:11]} 15. Nc3
{[%clk 01:08:35]} {[%emt 00:00:07]} Be6 {[%clk 01:01:03]} {[%emt 00:01:05]} 16.
Rac1 {[%clk 01:07:47]} {[%emt 00:01:17]} f6 {[%clk 00:57:11]} {[%emt 00:04:23]}
17. Na4 {[%clk 01:05:28]} {[%emt 00:02:50]} *

[Event "DVM U14 2023"]
[Site "Magdeburg GER"]
[Date "2023.12.30"]
[Round "7"]
[White "Zhang, Yibo"]
[Black "Li, Hewei"]
[Result "1-0"]
[Termination "normal"]
[Board "6.1"]
[WhiteElo "1791"]
[BlackElo "1838"]
[WhiteClock "00:01:24"]
[BlackClock "00:05:03"]
[WhiteTeam "SV Stuttgart-Wolfbusch 1956"]
[BlackTeam "Düsseldorfer SK 14/25"]
[PlyCount "85"]
[WhiteFideId "16287657"]
[BlackFideId "34619763"]
[EventCountry "GER"]
[EventRounds "7"]
[EventType "team-swiss"]
[EventDate "2023.12.26"]

1. e4 {[%clk 01:30:56]} {[%emt 00:00:02]} c5 {[%clk 01:30:19]} {[%emt
00:00:42]} 2. Nf3 {[%clk 01:31:15]} {[%emt 00:00:11]} d6 {[%clk 01:30:43]}
{[%emt 00:00:06]} 3. d4 {[%clk 01:31:41]} {[%emt 00:00:04]} cxd4 {[%clk
01:31:09]} {[%emt 00:00:04]} 4. Nxd4 {[%clk 01:32:01]} {[%emt 00:00:10]} Nf6
{[%clk 01:31:32]} {[%emt 00:00:06]} 5. Nc3 {[%clk 01:32:23]} {[%emt 00:00:08]}
g6 {[%clk 01:31:57]} {[%emt 00:00:05]} 6. Be3 {[%clk 01:32:44]} {[%emt
00:00:09]} Bg7 {[%clk 01:32:22]} {[%emt 00:00:05]} 7. Be2 {[%clk 01:32:52]}
{[%emt 00:00:22]} Nc6 {[%clk 01:32:46]} {[%emt 00:00:06]} 8. Qd2 {[%clk
01:32:52]} {[%emt 00:00:31]} O-O {[%clk 01:33:05]} {[%emt 00:00:10]} 9. O-O-O
{[%emt 00:01:16]} Ng4 {[%clk 01:32:31]} 10. Bxg4 {[%clk 01:33:24]} {[%emt
00:00:17]} Bxg4 {[%clk 01:32:49]} {[%emt 00:00:11]} 11. f3 {[%clk 01:33:53]}
{[%emt 00:00:02]} Be6 {[%clk 01:32:07]} {[%emt 00:01:12]} 12. Nxe6 {[%clk
01:24:52]} {[%emt 00:09:31]} fxe6 {[%clk 01:32:21]} {[%emt 00:00:15]} 13. Bh6
{[%clk 01:25:03]} {[%emt 00:00:19]} Bxh6 {[%clk 01:23:42]} {[%emt 00:09:39]}
14. Qxh6 {[%clk 01:25:27]} Qa5 {[%clk 01:17:01]} {[%emt 00:06:46]} 15. h4
{[%clk 01:21:52]} {[%emt 00:04:06]} Rf6 {[%clk 01:11:05]} {[%emt 00:06:26]} 16.
Qg5 {[%clk 01:18:23]} {[%emt 00:03:58]} Qe5 {[%clk 00:55:27]} {[%emt 00:16:07]}
17. Qxe5 {[%clk 01:01:57]} {[%emt 00:16:56]} Nxe5 {[%clk 00:55:55]} {[%emt
00:00:02]} 18. b3 {[%clk 00:47:31]} {[%emt 00:14:57]} Rc8 {[%clk 00:53:03]}
{[%emt 00:03:22]} 19. Kb2 {[%clk 00:46:24]} {[%emt 00:01:37]} h5 {[%clk
00:51:41]} {[%emt 00:01:52]} 20. a4 {[%clk 00:46:06]} {[%emt 00:00:47]} Rff8
{[%clk 00:45:25]} {[%emt 00:06:46]} 21. Nb5 {[%clk 00:44:00]} {[%emt 00:02:37]}
a6 {[%clk 00:42:20]} {[%emt 00:03:35]} 22. Nd4 {[%clk 00:44:21]} {[%emt
00:00:09]} Kf7 {[%clk 00:42:25]} {[%emt 00:00:25]} 23. Rdg1 {[%emt 00:09:42]}
Nc6 {[%clk 00:37:38]} {[%emt 00:04:57]} 24. Nxc6 {[%clk 00:32:55]} {[%emt
00:03:04]} Rxc6 {[%clk 00:37:36]} {[%emt 00:00:32]} 25. g4 {[%clk 00:32:49]}
{[%emt 00:00:37]} Rfc8 {[%clk 00:32:08]} {[%emt 00:05:58]} 26. c4 {[%clk
00:25:47]} {[%emt 00:07:32]} Rc5 {[%clk 00:26:49]} {[%emt 00:05:50]} 27. gxh5
{[%clk 00:18:03]} {[%emt 00:08:13]} Rxh5 {[%clk 00:26:41]} {[%emt 00:00:38]}
28. Rg5 {[%clk 00:16:32]} {[%emt 00:02:01]} Rch8 {[%clk 00:26:27]} {[%emt
00:00:44]} 29. Rhg1 {[%clk 00:10:43]} {[%emt 00:06:19]} Rxg5 {[%clk 00:24:39]}
{[%emt 00:02:18]} 30. hxg5 {[%clk 00:11:05]} {[%emt 00:00:08]} Rh3 {[%clk
00:15:33]} {[%emt 00:09:36]} 31. Rf1 {[%clk 00:08:26]} {[%emt 00:03:10]} Rg3
{[%clk 00:13:32]} {[%emt 00:02:30]} 32. f4 {[%clk 00:08:23]} {[%emt 00:00:33]}
Re3 {[%clk 00:12:24]} {[%emt 00:01:38]} 33. f5 {[%clk 00:07:39]} {[%emt
00:01:14]} exf5 {[%clk 00:05:05]} {[%emt 00:07:49]} 34. exf5 {[%clk 00:08:00]}
{[%emt 00:00:09]} gxf5 {[%clk 00:05:13]} {[%emt 00:00:22]} 35. Rxf5+ {[%clk
00:08:26]} {[%emt 00:00:04]} Kg7 {[%clk 00:05:24]} {[%emt 00:00:19]} 36. Rd5
{[%clk 00:06:11]} {[%emt 00:02:44]} Kg6 {[%clk 00:04:17]} {[%emt 00:01:37]} 37.
c5 {[%clk 00:06:15]} {[%emt 00:00:26]} Re5 {[%clk 00:04:06]} {[%emt 00:00:40]}
38. Rxe5 {[%clk 00:05:02]} {[%emt 00:01:44]} dxe5 {[%clk 00:04:35]} {[%emt
00:00:01]} 39. b4 {[%clk 00:04:45]} {[%emt 00:00:47]} Kxg5 {[%clk 00:04:53]}
{[%emt 00:00:13]} 40. b5 {[%clk 00:04:53]} {[%emt 00:00:22]} axb5 {[%clk
00:04:37]} {[%emt 00:00:45]} 41. axb5 {[%clk 00:00:34]} {[%emt 00:04:49]} Kf6
{[%clk 00:04:46]} {[%emt 00:00:21]} 42. c6 {[%clk 00:00:58]} {[%emt 00:00:07]}
bxc6 {[%clk 00:05:03]} {[%emt 00:00:13]} 43. b6 {[%clk 00:01:24]} 1-0

[Event "DVM U14 2023"]
[Site "Magdeburg GER"]
[Date "2023.12.30"]
[Round "7"]
[White "Vartanian, Roman"]
[Black "Marinin, Georgii"]
[Result "0-1"]
[Termination "normal"]
[Board "6.2"]
[WhiteElo "1705"]
[BlackElo "1489"]
[WhiteClock "00:22:38"]
[BlackClock "00:26:18"]
[WhiteTeam "Düsseldorfer SK 14/25"]
[BlackTeam "SV Stuttgart-Wolfbusch 1956"]
[PlyCount "92"]
[WhiteFideId "34140107"]
[BlackFideId "34617140"]
[EventCountry "GER"]
[EventRounds "7"]
[EventType "team-swiss"]
[EventDate "2023.12.26"]

1. Nf3 {[%clk 01:30:49]} {[%emt 00:00:11]} Nf6 {[%clk 01:30:43]} {[%emt
00:00:17]} 2. d4 {[%clk 01:30:47]} {[%emt 00:00:32]} d5 {[%clk 01:31:08]}
{[%emt 00:00:06]} 3. c4 {[%clk 01:31:11]} {[%emt 00:00:06]} c6 {[%clk
01:31:34]} {[%emt 00:00:04]} 4. Nc3 {[%clk 01:31:31]} {[%emt 00:00:09]} e6
{[%clk 01:31:34]} {[%emt 00:00:30]} 5. Bg5 {[%clk 01:30:57]} {[%emt 00:01:04]}
h6 {[%clk 01:30:30]} {[%emt 00:01:35]} 6. Bh4 {[%clk 01:31:16]} {[%emt
00:00:10]} dxc4 {[%clk 01:30:09]} {[%emt 00:00:52]} 7. e4 {[%clk 01:19:33]}
{[%emt 00:12:13]} g5 {[%clk 01:30:23]} {[%emt 00:00:15]} 8. Bg3 {[%clk
01:19:21]} {[%emt 00:00:43]} b5 {[%clk 01:29:20]} {[%emt 00:01:33]} 9. e5
{[%clk 01:12:48]} {[%emt 00:07:02]} Nd5 {[%clk 01:28:16]} {[%emt 00:01:34]} 10.
Ne4 {[%clk 01:06:42]} {[%emt 00:06:30]} Bb7 {[%clk 01:16:58]} {[%emt 00:11:55]}
11. Be2 {[%clk 01:04:52]} {[%emt 00:02:19]} Be7 {[%clk 01:11:58]} {[%emt
00:05:30]} 12. O-O {[%clk 01:04:22]} {[%emt 00:00:59]} Nd7 {[%clk 01:09:19]}
{[%emt 00:03:10]} 13. a4 {[%clk 01:03:09]} {[%emt 00:01:44]} a6 {[%clk
01:08:35]} {[%emt 00:01:14]} 14. b3 {[%clk 01:00:16]} {[%emt 00:03:22]} cxb3
{[%clk 01:08:04]} {[%emt 00:01:01]} 15. Qxb3 {[%clk 01:00:38]} {[%emt
00:00:08]} O-O {[%clk 01:06:54]} {[%emt 00:01:40]} 16. Ne1 {[%clk 00:56:37]}
{[%emt 00:04:30]} b4 {[%clk 00:56:06]} {[%emt 00:11:20]} 17. f4 {[%clk
00:55:05]} {[%emt 00:02:01]} c5 {[%clk 00:50:13]} {[%emt 00:06:24]} 18. fxg5
{[%clk 00:53:06]} {[%emt 00:02:28]} hxg5 {[%clk 00:49:07]} {[%emt 00:01:36]}
19. Bh5 {[%clk 00:42:10]} {[%emt 00:11:24]} cxd4 {[%clk 00:45:22]} {[%emt
00:04:16]} 20. Qf3 {[%clk 00:42:00]} {[%emt 00:00:39]} Nc3 {[%clk 00:28:58]}
{[%emt 00:16:54]} 21. Bxf7+ {[%clk 00:30:18]} {[%emt 00:12:12]} Kg7 {[%clk
00:29:09]} {[%emt 00:00:19]} 22. Nxg5 {[%clk 00:30:17]} {[%emt 00:00:31]} Bxg5
{[%clk 00:27:13]} {[%emt 00:02:26]} 23. Qh5 {[%clk 00:24:47]} {[%emt 00:06:00]}
Be3+ {[%clk 00:26:58]} {[%emt 00:00:45]} 24. Kh1 {[%clk 00:24:58]} {[%emt
00:00:19]} Qg5 {[%clk 00:27:12]} {[%emt 00:00:16]} 25. Nd3 {[%clk 00:23:42]}
{[%emt 00:01:45]} Qxh5 {[%clk 00:27:05]} {[%emt 00:00:39]} 26. Bxh5 {[%clk
00:24:05]} {[%emt 00:00:06]} Rf4 {[%emt 00:00:15]} 27. Rf2 Rxf2 {[%clk
00:27:20]} 28. Rc1 {[%emt 00:00:04]} Rf1+ 29. Rxf1 {[%clk 00:24:31]} Rf8 {[%clk
00:27:43]} {[%emt 00:00:08]} 30. Rxf8 {[%clk 00:24:36]} {[%emt 00:00:25]} Kxf8
{[%clk 00:27:51]} {[%emt 00:00:22]} 31. Bg4 {[%clk 00:24:55]} {[%emt 00:00:10]}
Ke7 {[%clk 00:26:25]} {[%emt 00:01:57]} 32. Bh4+ {[%clk 00:24:41]} {[%emt
00:00:44]} Kf7 {[%clk 00:26:49]} {[%emt 00:00:06]} 33. Bh5+ {[%clk 00:25:04]}
{[%emt 00:00:07]} Kg7 {[%clk 00:26:55]} {[%emt 00:00:22]} 34. Be8 {[%clk
00:25:14]} {[%emt 00:00:21]} Nb6 {[%clk 00:26:18]} {[%emt 00:01:07]} 35. Nxb4
{[%clk 00:25:29]} {[%emt 00:00:15]} Ncxa4 {[%clk 00:26:21]} {[%emt 00:00:27]}
36. Nc2 {[%clk 00:24:40]} {[%emt 00:01:15]} Nc5 {[%clk 00:25:50]} {[%emt
00:01:06]} 37. Nxe3 {[%clk 00:24:55]} {[%emt 00:00:14]} dxe3 {[%clk 00:26:10]}
{[%emt 00:00:10]} 38. Kg1 {[%clk 00:24:30]} {[%emt 00:00:55]} Nd3 {[%clk
00:25:41]} {[%emt 00:01:00]} 39. Bf6+ {[%clk 00:23:54]} {[%emt 00:01:06]} Kf8
{[%clk 00:25:09]} {[%emt 00:01:01]} 40. Bg6 {[%clk 00:23:41]} {[%emt 00:00:40]}
e2 {[%clk 00:24:37]} {[%emt 00:01:05]} 41. Bh4 {[%clk 00:23:42]} {[%emt
00:00:29]} e1=Q+ {[%clk 00:24:57]} {[%emt 00:00:12]} 42. Bxe1 {[%clk 00:24:07]}
{[%emt 00:00:04]} Nxe1 {[%clk 00:25:13]} {[%emt 00:00:13]} 43. Kf2 {[%clk
00:22:15]} {[%emt 00:02:23]} Nxg2 {[%clk 00:25:33]} {[%emt 00:00:11]} 44. Bd3
{[%clk 00:22:33]} {[%emt 00:00:11]} Nf4 {[%clk 00:25:47]} {[%emt 00:00:16]} 45.
Bf1 {[%clk 00:22:15]} {[%emt 00:00:49]} Ng6 {[%clk 00:25:52]} {[%emt 00:00:24]}
46. Bh3 {[%clk 00:22:38]} {[%emt 00:00:07]} Ke7 {[%clk 00:26:18]} {[%emt
00:00:05]} 0-1